header

Stabilizing and rebuilding Iraq (Record no. 62213)

MARC details
000 -LEADER
fixed length control field 01861nam a2200397 a 4500
082 04 - DEWEY DECIMAL CLASSIFICATION NUMBER
Classification number 338.2/728209567
245 00 - TITLE STATEMENT
Title Stabilizing and rebuilding Iraq
260 ## - PUBLICATION, DISTRIBUTION, ETC. (IMPRINT)
Place of publication New York :
Name of publisher Nova Science Publishers,
Year of publication c2009.
300 ## - PHYSICAL DESCRIPTION
Number of Pages 114 p. :
Other physical details ill., col. map.
490 1# - SERIES STATEMENT
Series statement The Middle East in turmoil series
505 0# - FORMATTED CONTENTS NOTE
Formatted contents note Iraq : oil and gas legislation, revenue sharing, and U.S. policy / Christopher M. Blanchard -- Stabilizing and rebuilding Iraq : Iraqi revenues, expenditures, and surplus / United States Government Accountability Office -- Rebuilding Iraq : serious challenges impair efforts to restore Iraq's oil sector and enact hydrocarbon legislation / Joseph A. Christoff.
650 #0 - SUBJECT ADDED ENTRY--TOPICAL TERM
Topical Term Petroleum industry and trade
Topical Term Postwar reconstruction
700 1# - ADDED ENTRY--PERSONAL NAME
Personal name Hargrove, Russell E.
856 40 - ELECTRONIC LOCATION AND ACCESS
Uniform Resource Identifier http://site.ebrary.com/lib/rucke/Doc?id=10670993

No items available.

© 2026 Rongo University
Contact us: librarian | system librarian | Rongo university